Az interpretáció szerepe a kastélyturizmusban Három kiemelkedő magyar kastélymúzeum összehasonlító vizsgálata

Bibliographic Details
Main Author: Szabó Zita
Other Authors: Schultz Dr. Éva
Format: Thesis
Kulcsszavak:digitalizáció
interpretáció
kastélyturizmus
múzeumok
örökségturizmus
Online Access:http://dolgozattar.uni-bge.hu/59678

MARC

LEADER 00000nta a2200000 i 4500
001 dolg59678
005 20260409145415.0
008 260409suuuu hu om 000 hun d
040 |a BGE Dolgozattár Repozitórium  |b hun 
041 |a hu 
100 1 |a Szabó Zita 
245 1 3 |a Az interpretáció szerepe a kastélyturizmusban  |b Három kiemelkedő magyar kastélymúzeum összehasonlító vizsgálata  |c Szabó Zita  |h [elektronikus dokumentum] 
520 3 |a Szakdolgozatomban az interpretáció szerepének vizsgálatát választottam a kastélyturizmusban Magyarország három kiemelkedő kastélymúzeumának összehasonlításával. A kastélyturizmus lehetőséget biztosít a történelmi helyszínek felfedezésére, miközben elmélyít minket a múlt gazdag kultúrájában és történelmében. A kastélyok, várak és kúriák látogatása kiváló lehetőség arra, hogy jobban megismerjük a körülöttünk lévő történelmi építményeket és műemlékeket. Így a látogatásainkkal közelebb kerülhetünk az építészet, a történelem, a kultúra, a művészetek és a legendák világához. A viharos és sokszínű magyar történelem számos épületet hagyott ránk, amelyek közül sok már erősen romos állapotban van, ám hatalmas lehetőségeket rejtenek mind a turisztikai hasznosítás, mind a magyar identitás és kulturális örökség megőrzése szempontjából. A kastélyok, várak, kúriák és villák jelentős szerepet játszanak a kultúra megőrzésében és örökségének átadásában, mivel ezek az autentikus környezetek lehetőséget biztosítanak a látogatók számára, hogy mélyebben megismerkedjenek e történelmi helyszínekkel. Belépve egy kastélyba, olyan érzésünk támadhat, mintha időutazáson vennénk részt, amely során felfedezhetjük annak gazdag múltját, jelenét és jövőbeni lehetőségeit is.Dolgozatomban különös figyelmet szentelek a digitalizáció és az interpretáció témájának, valamint ezek szerepének a kastélyturizmusban. A 21. századi technológiai fejlődés nemcsak lehetővé teszi, hanem szinte elvárja, hogy folyamatosan integráljuk és fejlesszük ezeket a turizmus minden területén. A digitalizáció lehetőséget ad arra, hogy az információk, kiállítások és túrák szélesebb közönség számára váljanak elérhetővé, mint valaha. A virtuális eszközök és innovatív megoldások segítségével a múlt megelevenedik, ezáltal gazdagabb és interaktívabb élményt nyújtva a látogatóknak. 
695 |a digitalizáció 
695 |a interpretáció 
695 |a kastélyturizmus 
695 |a múzeumok 
695 |a örökségturizmus 
700 1 |a Schultz Dr. Éva  |e ths 
856 4 0 |u http://dolgozattar.uni-bge.hu/59678/1/Szab%C3%B3%20Zita%20szakdolgozat.pdf  |z Dokumentum-elérés 
856 4 0 |u http://dolgozattar.uni-bge.hu/59678/2/szab%C3%B3_zita_opponens_nagy_gabriella.pdf  |z Dokumentum-elérés 
856 4 0 |u http://dolgozattar.uni-bge.hu/59678/3/Szab%C3%B3%20Zita_konzulensi_Schultz%20%C3%89va.pdf  |z Dokumentum-elérés